000 01047nam a22003970a 4500
001 PT28359
003 AR-LpoUNG
005 20210131233427.0
008 191001s2006||||ag |||||||||||||||||spa d
020 _a9871220480
_c$9.80
040 _aAR-LpoUNG
_bspa
_cAR-LpoUNG
_eaacr
041 _aspa
044 _aag
082 0 _a982.064 574pla
100 1 _aSigal, Silvia
245 1 3 _aLa plaza de mayo :
_buna crónica
250 _a1ra ed.
260 _aBuenos Aires :
_bSiglo Veintiuno,
_c2006.
300 _a344 p. :
_bgráfs., tbls.
650 4 _aANALISIS HISTORICO
650 4 _aANALISIS SOCIOLOGICO
650 4 _aARGENTINA
650 4 _aDEMOCRACIA
650 4 _aDICTADURA
650 4 _aHISTORIA POLITICA
650 4 _aHISTORIA SOCIAL
650 4 _aIDENTIDAD CULTURAL
650 4 _aPARTICIPACION DE LOS TRABAJADORES
650 4 _aPARTICIPACION POLITICA
650 4 _aPARTICIPACION SOCIAL
651 4 _aArgentina
653 _aPERONISMO
700 1 _aAltamirano, Carlos
_edir.
905 _a28359
942 _cLIB
999 _c20566
_d20566